Central Library OPAC University of Rajshahi

Oriental mysticism : (Record no. 53868)

MARC details
000 -LEADER
fixed length control field 01133nam a2200253 a 4500
001 - CONTROL NUMBER
control field 53868
003 - CONTROL NUMBER IDENTIFIER
rucl marc code BD-RjUL
005 - DATE AND TIME OF LATEST TRANSACTION
control field 20211209080032.0
008 - FIXED-LENGTH DATA ELEMENTS--GENERAL INFORMATION
fixed length control field 791009s1867 enk 000 0 eng
035 ## - SYSTEM CONTROL NUMBER
System control number (BD-RjUL)53990
040 ## - CATALOGING SOURCE
Original cataloging agency DLC
Transcribing agency OCl
Modifying agency DLC
-- BD-RjUL
Language of cataloging eng
041 ## - LANGUAGE CODE
Language code of text/sound track or separate title eng
082 ## - DEWEY DECIMAL CLASSIFICATION NUMBER
Edition number 23
Classification number 297.4382
Author mark and year PAO 1867
100 1# - MAIN ENTRY--PERSONAL NAME
Personal name Palmer, Edward Henry,
Dates associated with a name 1840-1882.
9 (RLIN) 222788
245 10 - TITLE STATEMENT
Title Oriental mysticism :
Remainder of title a treatise on the sufiistic and unitarian theosophy of the Persians /
Statement of responsibility, etc. compiled from native sources, by E. H. Palmer.
260 ## - PUBLICATION, DISTRIBUTION, ETC. (IMPRINT)
Place of publication, distribution, etc. Cambridge [Eng.] :
Name of publisher, distributor, etc. Deighton, Bell, and co.;
Place of publication, distribution, etc. London:
Name of publisher, distributor, etc. Bell and Daldy,
Date of publication, distribution, etc. 1867.
300 ## - PHYSICAL DESCRIPTION
Pagination xiv, 84 p.
Size 19 cm.
500 ## - GENERAL NOTE
General note Based on a Persian manuscript treatise, Maksad i Aksá, or "Remotest aim", by ʻAzíz bin Mohammed, Nafasí, originally written in Turkish and translated into Persian by Khwárazím Shah. cf. Pref.
General note "Glossary of technical and allegorical expressions in use among the Súfí poets": p. [69]-81.
650 #0 - SUBJECT ADDED ENTRY--TOPICAL TERM
Topical term or geographic name as entry element Sufism.
9 (RLIN) 222789
Topical term or geographic name as entry element Mysticism
General subdivision Islam
9 (RLIN) 222790
700 1# - ADDED ENTRY--PERSONAL NAME
Personal name ʻAzīz ibn Muhammad, al-Nasafī.
942 ## - ADDED ENTRY ELEMENTS (KOHA)
Source of classification or shelving scheme Dewey Decimal Classification
Koha item type Rare Books
Holdings
Lost status Source of classification or shelving scheme Damaged status Not for loan Collection code Permanent Location Current Location Shelving location Date acquired Total Checkouts Full call number Date last seen Copy number Koha item type
  Dewey Decimal Classification   Not For Loan Rare Books Central Library, University of Rajshahi Central Library, University of Rajshahi Rare Book Section 22/09/2018   RA 297.4382 PAO 1867 22/09/2018 C-1 Rare Books